Responses for Show #6828 - Wednesday, April 30, 2014

Julia Collins game 8.

Contestants

[<< previous game]

John Ogden, a communications executive from Silver Spring, Maryland

Mallory Howe, an eighth grade history teacher from Brea, California

Julia Collins, a supply chain professional from Kenilworth, Illinois (whose 7-day cash winnings total $144,910)

[next game >>]

Jeopardy! Round responses

LET'S SPEAK CANADIAN
(Alex: Eh?)
BETWEEN
DAD TV
(Alex: We want you to name the show, of course.)
HOW THEY DIED
FROM "C" TO SHINING "C"
(Alex: Each correct response begins and ends with the letter C.)
THE ART OF NORMAN ROCKWELL
(Alex: One of America's favorites.)
    $200 5
a coffee

John
    $200 16
baritone

Julia
    $200 11
I Love Lucy

Mallory
    $200 21
plane crashes

Julia
    $200 26
chic

Mallory
    $200 1
The Saturday Evening Post

Julia
    $400 6
(Julia: What is gas?)

electricity

JuliaJohn
    $400 17
Grant

John
    $400 12
Happy Days

Julia
    $400 22
beheading

John
    $400 27
catholic

Julia
    $400 2
FDR

Julia
    $600 7
decoy

Triple Stumper
    $600 18
Catching Fire

Julia
    $600 13
Little House on the Prairie

Mallory
    $600 23
drowning

Julia
    $600 28
cosmic

Julia
    $600 3
Main Street

Julia
    $800 8
a proctor

John
    $800 19
(James) Watson

Julia
    $800 15
Bonanza

Mallory
    $800 24
hanging

Mallory
    $800 29
catatonic

John
    $800 4
A Christmas Carol

Mallory
    $1000 9
a hat (or knitted cap)

Julia
    $1000 20
(John: [Shakes head])
(Alex: No, nothing?)
(John: No.)

Des Moines

MalloryJohn
    $1000 14
Home Improvement

Mallory
    $1000 25
stoning

John
    $1000 30
(Mallory: What is Cyrillic?)

Coptic

MalloryJohn
    $1,000 10
(Julia: Who is da Vinci?)

Michelangelo

Julia

Scores at the first commercial break (after clue 15):

Julia Mallory John
$1,200 $3,400 $1,400

Scores at the end of the Jeopardy! Round:

Julia Mallory John
$4,600 $4,400 $4,000

Double Jeopardy! Round responses

POETS & POETRY
WE "R" THE WORLD
(Alex: Each correct response will begin with that letter of the alphabet.)
LET'S AGREE ON A PRICE
THE MIDDLE AGES
LOW-TECH HIGH TECH
NATIONAL SPELLING BEE WINNING WORDS
(Alex: The 2014 bee is coming up. In this category, you have to spell the correct response.)
    $400 5
The Rime of the Ancient Mariner

Julia
    $400 10
Rabat

John
    $400 20
Shaft

Julia
    $400 16
Greenland

Mallory
    $400 4
(Mallory: What is control-alt-delete?)
...
(Alex: What is [*]? [**]--that's how I solve all of my problems.)

turning it off, turning it on (or unplugging it, plugging it back in)

Mallory
Triple Stumper
    $400 26
L-U-G-E

Mallory
    $800 6
Sylvia Plath

Julia
    $800 11
Romania

John
    $800 21
Vincent Price

Julia
    $800 19
a bank

Julia
    $800 15
a hair dryer

John
    $800 27
C-O-N-D-O-M-I-N-I-U-M

Julia
    $1200 7
the Bush

Julia
    $1200 12
the Rhine

John
    $1200 22
The Price Is Right

Julia
    $1200 1
Aristotle & Plato

Triple Stumper
    $1,000 17
a centrifuge

Mallory
    $1200 28
[The end-of-round signal sounds.]

K-A-M-I-K-A-Z-E

John
    $1600 8
Evangeline

Triple Stumper
    $1600 13
(John: Oh. [Shakes head] Sorry.)

Reading

JuliaJohn
    $1600 23
Rules of Engagement

Triple Stumper
    $1600 2
Avignon

Julia
    $1600 18
a spacewalk

John
    $3,000 9
(Julia: What...is...[*]?)
(Alex: Ah. That was a guess, right? Wasn't it?)
[Julia nods]
(Alex: It's right.)
(Julia: All right!)

"Song of Myself"

Julia
    $2000 14
Roanoke

Mallory
    $2000 24
(Alex: That's it, with a minute to go.)

Leontyne Price

Julia
    $2000 3
the Doomsday Book (or Domesday Book)

Julia
    $2000 25
(Alex: It's called using an [*] gap.)

air

Triple Stumper

Scores at the end of the Double Jeopardy! Round:

Julia Mallory John
$21,200 $7,800 $8,400
(lock game)

[wagering suggestions for these scores]

Final Jeopardy! Round responses

ALBUM COVERS
(Alex: This is one of those "duh" Finals. You got to get this one, right?)
[John laughs.]
...
(Alex: [To Mallory] Even though you misspelled it.)
(Mallory: Spelled it wrong. I know. [Laughs])
(Alex: Just a little. You forgot an "E", but that's okay.)
...
(Alex: [To Julia] Oh, a little risky.)
MalloryWhat is Led Zepplin?
$7,000
JohnWhat is Led Zeppelin?
$7,201
JuliaWhat is Led Zeppelin?
$4,500
Led Zeppelin

Final scores:

Julia Mallory John
$25,700 $14,800 $15,601
8-day champion: $170,610 3rd place: $1,000 2nd place: $2,000

Game dynamics:

Coryat scores:

Julia Mallory John
$21,200 $8,000 $8,400
25 R
(including 1 DD),
2 W
(including 1 DD)
12 R
(including 1 DD),
2 W
14 R,
2 W

Combined Coryat: $37,600

[game clues] [game scores] [suggest correction]

Game tape date: 2014-02-04
The J! Archive is created by fans, for fans. Scraping, republication, monetization, and malicious use prohibited; this site may use cookies and collect identifying information. See terms. The Jeopardy! game show and all elements thereof, including but not limited to copyright and trademark thereto, are the property of Jeopardy Productions, Inc. and are protected under law. This website is not affiliated with, sponsored by, or operated by Jeopardy Productions, Inc. Join the discussion at JBoard.tv.